000
00373nam a22001577a 4500
003
MPLRDC
005
20220104125556.0
008
210129b ||||| |||| 00| 0 eng d
082
_a
947.413 MTXZ v.5
100
_a
梅田香子原作
245
_a
NBA STORY. 五
_c
260
_a
_b
天下出版社
_c
300
_b
平
650
_a
漫画
942
_c
BK
_o
947.413 MTXZ v.5
999
_c
28455
_d
28445